Nový rozmer medzinárodnej zodpovednosti Slovenska

Gespeichert in:
Bibliographische Detailangaben
1. Verfasser: Weiss, Peter
Format: Buchkapitel
Sprache:Slowakisch
Tags: Tag hinzufügen
Keine Tags, Fügen Sie das erste Tag hinzu!

MARC

LEADER 00000naa$a2200000$$$4500
001 0062101
005 20240502071711.2
041 0 |a slo 
044 |a SK 
245 1 0 |a Nový rozmer medzinárodnej zodpovednosti Slovenska  |c Peter Weiss 
100 1 |a Weiss, Peter